000 00826cab a2200229 4500
001 X2376
008 090401t1995 xxu||||| |||| 00| 0 eng d
035 _a(Sirsi) u23754
041 _aeng
245 _aWilson v Cheverell Estates Ltd
260 _c1995
350 _a0
490 _aNew Property Cases
_v1995 NPC 101
520 _aCA 15 June 1995. A landlord who has served notice on a tenant terminating the tenancy under Landlord and Tenant Act 1954 s24 is unable to invoke a rent review clause in the lease during the continutation of the tenancy. N.B. NOT TO BE PHOTOCOPIED.
650 _aLANDLORD AND TENANT ACT 1954 S24
650 _aNOTICE TO QUIT
650 _aRENT REVIEW
650 _aTERMINATION OF TENANCY
690 _aLANDLORD AND TENANT-CASE LAW-RENT REVIEWS
942 _n0
948 _c04/03/1997
999 _c15902
_d15902